Bordering countries by clue #4 - Statystyki

Ogólne statystyki
  • Ten quiz został rozwiązany 11 razy
  • Średni wynik to 12 z 20
Statystyki odpowiedzi
Clue Country % Poprawnych
The only country that starts with the letter O Oman
100%
Sometimes it's called The "Last Dictatorship in Europe" Belarus
80%
Birthplace of John Paul II Poland
80%
Vienna is his capital Austria
70%
Shares his name with one of the US states Georgia
70%
Host of the 2018 World Cup Russia
70%
Has the most oil reserves in Asia Saudi Arabia
70%
Broke away from the Czech Republic in 1993 Slovakia
70%
His official languages are French, German, Italian and Romansh Switzerland
70%
Saddam Hussein ruled this country Iraq
60%
Has cities like Bilbao, Seville and Valencia Spain
60%
Sokotra Island belongs to it Yemen
60%
Has a flag similar to Mali Guinea
50%
Was at war with the above in between 1980-1988 Iran
50%
Borders the above by Ceuta and Melilla Morocco
50%
The westernmost point of continentical Africa is located there Senegal
50%
His capital lies on the Seine river France
40%
The first country that adopted Christianity Armenia
30%
known for its 88-island Bijagós Archipelago Guinea-Bissau
30%
Last country that abolished slavery (1981) Mauritania
30%
Nie znaleziono quizów pasujących do podanych kryteriów
Rozkład punktacji
Procent ludzi z każdym wynikiem
Percentyl według liczby udzielonych odpowiedzi
Twoja historia wyników
Nie rozwiązałeś tego quizu